000 00483nam a2200181Ia 4500
005 20250326124042.0
008 250326s9999 xx 000 0 und d
037 _aTextbook
040 _aFMSL
_beng
_cFMSL
041 _aeng
_2eng
084 _aX.44 M8
_qFMSL
100 _aBagchi A K
245 0 _aEconomy, society and policy
_cBagchi A K
260 _aDelhi
_bDelhi, Oxford University
_c1988
300 _a271p
942 _cTB
_hX.44 M8
999 _c1272062
_d1272062